000 00600nam a2200193Ia 4500
005 20250508162129.0
008 008 250505s9999 xx 000 0 eng d
037 _aTextual
040 _aFEDL
_beng
_cFEDL
041 _aeng
_2eng
084 _a332.401, MAK
_qFEDL
100 _aMakinen Gail E.
245 0 _aMoney, the price level, and interest rates : An introduction to monetary theory
260 _aNew Delhi, India
_bPrentice Hall of India Private Limited
_c1978
300 _axv,446p.
650 _aEconomics
942 _cTEXL
_h332.401, MAK
999 _c1374554
_d1374554